Dark Souls 2 - wymień wszystkich bossów - Statystyki

Ogólne statystyki
  • Ten quiz został rozwiązany 31 razy
  • Średni wynik to 25 z 44
Statystyki odpowiedzi
Boss % Poprawnych
Demon kuźni
83%
Demon Kuźni
83%
Ostatni Olbrzym
83%
Prześladowca
83%
Strażnicy Ruin
83%
Vendrick
83%
Aldia, Mędrzec Pierwszego Grzechu
78%
Nashandra
78%
Rycerz Oparów
78%
Sir Alonne
78%
Smoczy jeździec
78%
Skorpionica Najka
72%
Aava, Zwierzak Króla
67%
Freja, Ulubienica Księcia
67%
Starożytny Smok
67%
Stary Żelazny Król
67%
Zaginiona Grzesznica
67%
Demon Pieśni
61%
Lud, Zwierzak Króla
61%
Rydwan Kata
61%
Sinh, Śpiący Smok
61%
Velstadt, Królewska Tarcza
61%
Zręczny Strażnik
61%
Lordowie Szkieletów
56%
Lustrzany Rycerz
56%
Mytha, Zgubna Królowa
56%
Przegniły
56%
Spalony Król Kości Słoniowej
56%
Stary Zabójca Smoków
56%
Chciwy Demon
50%
Elana, Plugawa Królowa
50%
Lord Olbrzymów
50%
Mroczny Łowca
50%
Opiekun Tronu
50%
Zallen, Zwierzak króla
50%
Gargulce z Dzwonnicy
44%
Strażnik Tronu
44%
Smok Strażnik
39%
Straż Przednia Szczurów Królewskich
28%
Chora Hiena Cmentarna
22%
Mag Grasant i Kongregacja
22%
Dowódca Szczurów Królewskich
17%
Prastary Żołnierz Varg
17%
Stary Odkrywca Cerah
11%
Nie znaleziono quizów pasujących do podanych kryteriów
Rozkład punktacji
Procent ludzi z każdym wynikiem
Percentyl według liczby udzielonych odpowiedzi
Twoja historia wyników
Nie rozwiązałeś tego quizu